Authors and their Pen Names - Statistics

General Stats
  • This quiz has been taken 48 times
  • The average score is 9 of 15
Answer Stats
Name and Famous Book Answer % Correct
Eric Blair - Animal Farm George Orwell
91%
Samuel Clemens - Life on the Mississippi Mark Twain
91%
Currer Bell - Jane Eyre Charlotte Bronte
84%
Richard Bachman - The Green Mile Stephen King
72%
Mary Westmacott - The A.B.C Murders Agatha Christie
69%
Theodor Geisel - The Lorax Dr. Seuss
69%
Mary Evans - Middlemarch George Eliot
69%
Charles Dodgson - Jabberwockey Lewis Carroll
63%
Boz - Hard Times Charles Dickens
56%
A. N. Roquelaure - Interview with the Vampire Anne Rice
53%
Robert Galbraith - The Cuckoo's Calling J.K. Rowling
50%
Michael Douglas - The Lost World Michael Crichton
44%
Paul French - Foundation Isaac Asimov
31%
Clive Hamilton - The Magician's Nephew C.S Lewis
25%
Lemony Snicket - The Grim Grotto Daniel Handler
3%
No matching quizzes found
Score Distribution
Percent of People with Each Score
Percentile by Number Answered
Your Score History
You have not taken this quiz